[Event "NB II. Toth Laszlo csoport"]
[Site "Kecskemet"]
[Date "2024.04.21"]
[Round "8.12"]
[White "Gajdos, Mark"]
[Black "Gyenge, Gergo"]
[Result "1/2-1/2"]
[WhiteElo "1681"]
[BlackElo "1667"]
[PlyCount "28"]
[EventDate "2023.10.08"]
[EventType "team-tourn"]
[EventRounds "9"]
[EventCountry "HUN"]
[Source "chess.hu"]
[WhiteTeam "Neumann J. Egyetem"]
[BlackTeam "Gyulai SE"]
[WhiteTeamCountry "HUN"]
[BlackTeamCountry "HUN"]

1. e4 e5 2. Nf3 Nc6 3. Bb5 a6 4. Ba4 Nf6 5. O-O Be7 6. Re1 b5 7. Bb3 O-O 8. c3
d6 9. h3 Bb7 10. d4 exd4 11. cxd4 d5 12. e5 Ne4 13. Nbd2 Ng5 14. Bc2 Nb4
1/2-1/2

[Event "NB II. Toth Laszlo csoport"]
[Site "Bekesszentandras"]
[Date "2024.04.21"]
[Round "8.1"]
[White "Keresztes, Richard"]
[Black "Fabian Nagy, Sandor"]
[Result "1-0"]
[WhiteElo "2184"]
[BlackElo "1963"]
[PlyCount "85"]
[EventDate "2023.10.08"]
[EventType "team-tourn"]
[EventRounds "9"]
[EventCountry "HUN"]
[Source "chess.hu"]
[WhiteTeam "TAKISZ SE"]
[BlackTeam "Bekesszentandras-KuTE"]
[WhiteTeamCountry "HUN"]
[BlackTeamCountry "HUN"]

1. d4 d5 2. c4 dxc4 3. e3 Nf6 4. Bxc4 e6 5. Nf3 c5 6. O-O Nc6 7. Nc3 cxd4 8.
exd4 Be7 9. a3 O-O 10. Bf4 a6 11. Rc1 Qa5 12. Qe2 Bd7 13. Bd2 Qh5 14. Ne5 Qh4
15. Nf3 Qh5 16. h3 Bd6 17. Ne4 Nxe4 18. Qxe4 Ne7 19. Ne5 Bxe5 20. Qxe5 Qg6 21.
Rc3 Nc6 22. Qf4 f5 23. Rg3 Qf6 24. Bc3 Kh8 25. d5 e5 26. Qd2 Ne7 27. f4 Ng6 28.
fxe5 Qh4 29. Qd3 f4 30. Rgf3 Bf5 31. Qd4 Qg5 32. e6 Nh4 33. R3f2 f3 34. g4 b5
35. Bb3 Qg6 36. e7 Rfe8 37. d6 Bd7 38. Bc2 Qg5 39. Qe5 Qxe5 40. Bxe5 Rac8 41.
Bg3 Ng6 42. Bf5 Bxf5 43. gxf5 1-0

[Event "NB II. Toth Laszlo csoport"]
[Site "Bekesszentandras"]
[Date "2024.04.21"]
[Round "8.2"]
[White "Puskas, Mihaly"]
[Black "Horvath, Jozsef"]
[Result "0-1"]
[WhiteElo "1951"]
[BlackElo "2033"]
[PlyCount "74"]
[EventDate "2023.10.08"]
[EventType "team-tourn"]
[EventRounds "9"]
[EventCountry "HUN"]
[Source "chess.hu"]
[WhiteTeam "Bekesszentandras-KuTE"]
[BlackTeam "TAKISZ SE"]
[WhiteTeamCountry "HUN"]
[BlackTeamCountry "HUN"]

1. d4 d5 2. c4 e6 3. Nc3 Be7 4. cxd5 exd5 5. Bf4 Nf6 6. e3 O-O 7. Bd3 c6 8. h3
Re8 9. Nf3 Nbd7 10. O-O b5 11. Qc2 Bb7 12. Ne2 h6 13. Ng3 Bf8 14. Kh2 a6 15.
Be5 c5 16. Bf5 c4 17. Rg1 Bc8 18. Rad1 a5 19. e4 dxe4 20. Nxe4 Nxe4 21. Bxe4
Ra6 22. g4 Nf6 23. Bf5 Bb7 24. g5 Bxf3 25. gxf6 Rxe5 26. dxe5 Bxd1 27. Rxd1 Qc7
28. Qe4 Rxf6 29. f4 Rb6 30. Rd7 Qc5 31. Kg2 g6 32. Bg4 c3 33. e6 f5 34. Qd3 c2
35. e7 Bxe7 36. Rd8+ Kg7 37. Qb3 Bxd8 0-1

[Event "NB II. Toth Laszlo csoport"]
[Site "Bekesszentandras"]
[Date "2024.04.21"]
[Round "8.4"]
[White "Brhlik, Gyorgy"]
[Black "Szili, Istvan"]
[Result "0-1"]
[WhiteElo "1942"]
[BlackElo "1956"]
[PlyCount "96"]
[EventDate "2023.10.08"]
[EventType "team-tourn"]
[EventRounds "9"]
[EventCountry "HUN"]
[Source "chess.hu"]
[WhiteTeam "Bekesszentandras-KuTE"]
[BlackTeam "TAKISZ SE"]
[WhiteTeamCountry "HUN"]
[BlackTeamCountry "HUN"]

1. d4 e6 2. Nf3 Nf6 3. Bf4 d5 4. e3 Bd6 5. Bg3 O-O 6. Bd3 h6 7. c4 dxc4 8. Bxc4
Bb4+ 9. Nc3 Ne4 10. Qc2 Nd6 11. Bd3 c5 12. Bxd6 Qxd6 13. O-O Bxc3 14. Qxc3 cxd4
15. Nxd4 Bd7 16. Rfc1 Nc6 17. Nf3 Rac8 18. Rd1 Qe7 19. a3 e5 20. Be2 Nd4 21.
Qd3 Bb5 22. Qxb5 Nxb5 23. Bxb5 Rfd8 24. Rxd8+ Qxd8 25. a4 a6 26. Bf1 f6 27. b3
g5 28. h3 h5 29. Be2 Rc2 30. Kf1 Qc8 31. Ne1 Rc1 32. Ra2 Qc3 33. Bc4+ Kg7 34.
Re2 Qb4 35. Bd5 e4 36. f3 exf3 37. gxf3 Qh4 38. Rf2 Qxh3+ 39. Ke2 Qh1 40. Rf1
Qh2+ 41. Rf2 Qg1 42. Rf1 Qg3 43. Be4 Ra1 44. Rf2 Ra2+ 45. Nc2 Rb2 46. b4 b6 47.
f4 g4 48. Rg2 Rxc2+ 0-1

[Event "NB II. Toth Laszlo csoport"]
[Site "Bekesszentandras"]
[Date "2024.04.21"]
[Round "8.5"]
[White "Donko, Matyas"]
[Black "Bogar, Attila"]
[Result "1/2-1/2"]
[WhiteElo "1922"]
[BlackElo "1865"]
[PlyCount "42"]
[EventDate "2023.10.08"]
[EventType "team-tourn"]
[EventRounds "9"]
[EventCountry "HUN"]
[Source "chess.hu"]
[WhiteTeam "TAKISZ SE"]
[BlackTeam "Bekesszentandras-KuTE"]
[WhiteTeamCountry "HUN"]
[BlackTeamCountry "HUN"]

1. e4 c6 2. d4 d5 3. Nd2 dxe4 4. Nxe4 Bf5 5. Ng3 Bg6 6. Nf3 Nd7 7. h4 h6 8. h5
Bh7 9. Bd3 Bxd3 10. Qxd3 Ngf6 11. Bd2 e6 12. O-O-O Bd6 13. Ne4 Nxe4 14. Qxe4
Nf6 15. Qe2 Qc7 16. g3 O-O-O 17. Kb1 Rhe8 18. c4 c5 19. Bc3 Qe7 20. Rc1 cxd4
21. Bxd4 Bc5 1/2-1/2

[Event "NB II. Toth Laszlo csoport"]
[Site "Bekesszentandras"]
[Date "2024.04.21"]
[Round "8.7"]
[White "Marton, Attila"]
[Black "Kovacs, Tibor T"]
[Result "0-1"]
[WhiteElo "1900"]
[BlackElo "1795"]
[PlyCount "48"]
[EventDate "2023.10.08"]
[EventType "team-tourn"]
[EventRounds "9"]
[EventCountry "HUN"]
[Source "chess.hu"]
[WhiteTeam "TAKISZ SE"]
[BlackTeam "Bekesszentandras-KuTE"]
[WhiteTeamCountry "HUN"]
[BlackTeamCountry "HUN"]

1. c4 Nf6 2. Nc3 b6 3. e4 Bb7 4. e5 Ne4 5. Qf3 Nxc3 6. Qxb7 Nc6 7. bxc3 a6 8.
c5 Ra7 9. Qxa7 Nxa7 10. cxb6 cxb6 11. d4 Qc7 12. Bb2 e6 13. Nf3 Ba3 14. Rb1
Bxb2 15. Rxb2 Qxc3+ 16. Rd2 b5 17. Be2 O-O 18. O-O Rc8 19. Rfd1 h6 20. Bd3 Qa3
21. Bc2 Nc6 22. Rd3 Qa5 23. Bb1 Nb4 24. R3d2 Qa3 0-1

[Event "NB II. Toth Laszlo csoport"]
[Site "Bekesszentandras"]
[Date "2024.04.21"]
[Round "8.8"]
[White "Mohay, Henrik"]
[Black "Meljan, David"]
[Result "1-0"]
[WhiteElo "1727"]
[BlackElo "1887"]
[PlyCount "49"]
[EventDate "2023.10.08"]
[EventType "team-tourn"]
[EventRounds "9"]
[EventCountry "HUN"]
[Source "chess.hu"]
[WhiteTeam "Bekesszentandras-KuTE"]
[BlackTeam "TAKISZ SE"]
[WhiteTeamCountry "HUN"]
[BlackTeamCountry "HUN"]

1. d4 d5 2. Nf3 Nf6 3. g3 e6 4. Bg2 Be7 5. O-O O-O 6. c4 c6 7. Nbd2 b6 8. Qc2
Bb7 9. e4 dxe4 10. Nxe4 c5 11. Nxf6+ Bxf6 12. Ng5 Bxg5 13. Bxb7 Bxc1 14. Raxc1
Nd7 15. Bxa8 Qxa8 16. f4 cxd4 17. Rcd1 e5 18. Qf5 Nc5 19. Qxe5 d3 20. b4 Ne4
21. Rxd3 Re8 22. Qd5 Qb8 23. Re1 Nd6 24. Rxe8+ Qxe8 25. Qe5 1-0

[Event "NB II. Toth Laszlo csoport"]
[Site "Bekesszentandras"]
[Date "2024.04.21"]
[Round "8.9"]
[White "Gomori, Mihaly"]
[Black "Aczel-Szabo, Csongor"]
[Result "1-0"]
[WhiteElo "1869"]
[BlackElo "1706"]
[PlyCount "89"]
[EventDate "2023.10.08"]
[EventType "team-tourn"]
[EventRounds "9"]
[EventCountry "HUN"]
[Source "chess.hu"]
[WhiteTeam "TAKISZ SE"]
[BlackTeam "Bekesszentandras-KuTE"]
[WhiteTeamCountry "HUN"]
[BlackTeamCountry "HUN"]

1. e4 e6 2. Nf3 c5 3. d4 Nc6 4. Nc3 cxd4 5. Nxd4 Qb6 6. Ndb5 Bc5 7. Nd6+ Ke7 8.
Nxc8+ Rxc8 9. Qd2 Nf6 10. Bd3 Ne5 11. O-O Bb4 12. Qe3 Qxe3 13. Bxe3 Bxc3 14.
bxc3 Nxd3 15. cxd3 Rxc3 16. Rfd1 b6 17. a4 e5 18. a5 Ng4 19. Bd2 Rc6 20. h3 Nf6
21. Rdb1 d6 22. axb6 axb6 23. Ra7+ Nd7 24. Kf1 Rb8 25. g3 Rc2 26. Ke1 Rcc8 27.
f4 Ra8 28. Rb7 Ra3 29. fxe5 Rxd3 30. exd6+ Ke8 31. Bf4 g5 32. Rc7 Ra8 33. Ke2
Rd4 34. Ke3 gxf4+ 35. Kxd4 fxg3 36. Rg1 Ra4+ 37. Ke3 Nf6 38. Re7+ Kf8 39. Kf3
Ra3+ 40. Kf4 b5 41. Ke5 Rf3 42. Rb7 Ke8 43. Ra1 Nd7+ 44. Kd4 f6 45. Ra8+ 1-0

[Event "NB II. Toth Laszlo csoport"]
[Site "Bekesszentandras"]
[Date "2024.04.21"]
[Round "8.10"]
[White "Szilagyi, Peter"]
[Black "Moczo, Istvan"]
[Result "1-0"]
[WhiteElo "1640"]
[BlackElo "1876"]
[PlyCount "87"]
[EventDate "2023.10.08"]
[EventType "team-tourn"]
[EventRounds "9"]
[EventCountry "HUN"]
[Source "chess.hu"]
[WhiteTeam "Bekesszentandras-KuTE"]
[BlackTeam "TAKISZ SE"]
[WhiteTeamCountry "HUN"]
[BlackTeamCountry "HUN"]

1. e4 c5 2. Bc4 e6 3. c3 d6 4. d3 Nf6 5. Bb3 Be7 6. f4 Qc7 7. Ne2 Nc6 8. Nd2
Bd7 9. O-O O-O 10. Nf3 b5 11. Bc2 a5 12. d4 cxd4 13. Nexd4 Nxd4 14. cxd4 Rac8
15. Bd3 Qb7 16. Qe2 Qb6 17. Be3 Ng4 18. Bd2 Nf6 19. h3 Bc6 20. Kh1 Nh5 21. Kh2
Nf6 22. Rac1 b4 23. b3 Bb7 24. Rfe1 Qa7 25. Qf2 h6 26. g4 Qa8 27. Qe2 Qb8 28.
e5 Nd5 29. Rxc8 Rxc8 30. Bc1 Nc3 31. Qf2 Qa8 32. Nd2 Nxa2 33. Nc4 Nxc1 34. Rxc1
Qb8 35. Ra1 Qc7 36. Ra2 dxe5 37. fxe5 Ra8 38. Qe3 Bg5 39. Qe2 Bf4+ 40. Kg1 Qc6
41. Kf2 Qg2+ 42. Ke1 Qg1+ 43. Qf1 Qe3+ 44. Nxe3 1-0

[Event "NB II. Toth Laszlo csoport"]
[Site "Bekesszentandras"]
[Date "2024.04.21"]
[Round "8.11"]
[White "Torok, Borbala"]
[Black "Fulajtar, Istvan"]
[Result "1/2-1/2"]
[WhiteElo "1845"]
[BlackElo "1696"]
[PlyCount "64"]
[EventDate "2023.10.08"]
[EventType "team-tourn"]
[EventRounds "9"]
[EventCountry "HUN"]
[Source "chess.hu"]
[WhiteTeam "TAKISZ SE"]
[BlackTeam "Bekesszentandras-KuTE"]
[WhiteTeamCountry "HUN"]
[BlackTeamCountry "HUN"]

1. d4 Nf6 2. c4 e6 3. Bg5 Be7 4. Nf3 d5 5. c5 O-O 6. e3 b6 7. cxb6 cxb6 8. Nc3
Bd7 9. Ne5 Ne4 10. Bxe7 Qxe7 11. Nxe4 dxe4 12. Qb3 Nc6 13. Nxd7 Qxd7 14. Ba6
Na5 15. Qc2 f5 16. b4 Nc6 17. Qa4 Nb8 18. Qxd7 Nxd7 19. Rc1 Rf7 20. Rc7 Nf6 21.
Rxf7 Kxf7 22. Kd2 Ke7 23. h3 Nd5 24. a3 Rd8 25. Rc1 Rd7 26. Bb5 Rc7 27. Rc6
Rxc6 28. Bxc6 g5 29. Ba4 Kd6 30. Be8 Nf6 31. Ba4 Nd5 32. Bc2 Nf6 1/2-1/2

[Event "NB II. Toth Laszlo csoport"]
[Site "Bekesszentandras"]
[Date "2024.04.21"]
[Round "8.12"]
[White "Juhasz, Attila"]
[Black "Eros, Viktor"]
[Result "1-0"]
[WhiteElo "1624"]
[BlackElo "1431"]
[PlyCount "51"]
[EventDate "2023.10.08"]
[EventType "team-tourn"]
[EventRounds "9"]
[EventCountry "HUN"]
[Source "chess.hu"]
[WhiteTeam "Bekesszentandras-KuTE"]
[BlackTeam "TAKISZ SE"]
[WhiteTeamCountry "HUN"]
[BlackTeamCountry "HUN"]

1. e4 e5 2. Nf3 d6 3. Bc4 Nf6 4. Nc3 c5 5. Ng5 h6 6. Nxf7 Bg4 7. f3 Qc8 8. Nxh8
Be6 9. Bb5+ Nc6 10. Ng6 a6 11. Bxc6+ Qxc6 12. Nxf8 Kxf8 13. d3 g5 14. h4 Nh7
15. hxg5 Nxg5 16. Bxg5 hxg5 17. Rh8+ Bg8 18. Qd2 Kg7 19. Rh5 Bf7 20. Qxg5+ Bg6
21. Qh6+ Kf7 22. Rg5 Rg8 23. Nd5 Qb5 24. O-O-O Qe8 25. Rf5+ Bxf5 26. Qf6# 1-0

[Event "NB II. Toth Laszlo csoport"]
[Site "Kiskunfelegyhaza"]
[Date "2024.04.21"]
[Round "8.1"]
[White "Tapodi, Norman Lajos"]
[Black "Pacal, Mihaly"]
[Result "1/2-1/2"]
[WhiteElo "2096"]
[BlackElo "2106"]
[PlyCount "28"]
[EventDate "2023.10.08"]
[EventType "team-tourn"]
[EventRounds "9"]
[EventCountry "HUN"]
[Source "chess.hu"]
[WhiteTeam "Meritum Egyesulet"]
[BlackTeam "Felegyhaza-Csongrad"]
[WhiteTeamCountry "HUN"]
[BlackTeamCountry "HUN"]

1. d4 f5 2. Bg5 g6 3. h4 h6 4. Bf4 Bg7 5. c4 Nf6 6. Nc3 d6 7. e3 O-O 8. Qb3 c6
9. Nf3 Qb6 10. c5+ Qxb3 11. axb3 dxc5 12. Bc4+ Kh7 13. dxc5 Nbd7 14. b4 Nh5
1/2-1/2

[Event "NB II. Toth Laszlo csoport"]
[Site "Kiskunfelegyhaza"]
[Date "2024.04.21"]
[Round "8.2"]
[White "Vilagos, Nandor"]
[Black "Retkes, Sandor"]
[Result "1/2-1/2"]
[WhiteElo "2028"]
[BlackElo "1965"]
[PlyCount "78"]
[EventDate "2023.10.08"]
[EventType "team-tourn"]
[EventRounds "9"]
[EventCountry "HUN"]
[Source "chess.hu"]
[WhiteTeam "Felegyhaza-Csongrad"]
[BlackTeam "Meritum Egyesulet"]
[WhiteTeamCountry "HUN"]
[BlackTeamCountry "HUN"]

1. e4 d6 2. d4 c6 3. Nc3 Nf6 4. Be2 Nbd7 5. Nf3 e5 6. O-O Be7 7. h3 O-O 8. Be3
Re8 9. Qd2 Qc7 10. Rfe1 Bf8 11. d5 a5 12. a4 Be7 13. Rad1 Nf8 14. b3 Ng6 15.
Bc4 h6 16. Qd3 Nh5 17. Ne2 Rf8 18. g4 Nf6 19. Ng3 c5 20. Nf5 Bd8 21. Kh2 Nh7
22. Qd2 Bf6 23. Rg1 Qd8 24. g5 hxg5 25. Nxg5 Bxf5 26. Nxh7 Kxh7 27. exf5 Nf4
28. Bxf4 exf4 29. Qe2 Rh8 30. Qf3 Kg8 31. Rde1 Be5 32. Rg4 Qf6 33. Bd3 Rh7 34.
Kg2 Kf8 35. Qe4 Rd8 36. Rh1 Re8 37. Qc4 Rh5 38. Qe4 Rh4 39. Qf3 Rh6 1/2-1/2

[Event "NB II. Toth Laszlo csoport"]
[Site "Kiskunfelegyhaza"]
[Date "2024.04.21"]
[Round "8.3"]
[White "Berczi, Peter"]
[Black "Varadi, Laszlo"]
[Result "1-0"]
[WhiteElo "2013"]
[BlackElo "1984"]
[PlyCount "67"]
[EventDate "2023.10.08"]
[EventType "team-tourn"]
[EventRounds "9"]
[EventCountry "HUN"]
[Source "chess.hu"]
[WhiteTeam "Meritum Egyesulet"]
[BlackTeam "Felegyhaza-Csongrad"]
[WhiteTeamCountry "HUN"]
[BlackTeamCountry "HUN"]

1. Nf3 Nf6 2. c4 g6 3. Nc3 d5 4. cxd5 Nxd5 5. d3 Bg7 6. Bd2 O-O 7. g3 c6 8. Bg2
Nd7 9. Qc1 N7b6 10. Bh6 Nxc3 11. bxc3 Nd5 12. Bxg7 Kxg7 13. O-O Bg4 14. c4 Nf6
15. Qb2 Bxf3 16. Bxf3 Qc7 17. a4 Kg8 18. a5 Nd7 19. h4 h5 20. Rfb1 Rab8 21. Qc3
e5 22. e3 Qd6 23. d4 Qf6 24. Kg2 Rfc8 25. c5 Re8 26. a6 bxa6 27. Rxb8 Nxb8 28.
Rb1 exd4 29. exd4 Qe7 30. d5 cxd5 31. Bxd5 Rc8 32. Rb7 Nd7 33. c6 Qd6 34. Rxd7
1-0

[Event "NB II. Toth Laszlo csoport"]
[Site "Kiskunfelegyhaza"]
[Date "2024.04.21"]
[Round "8.4"]
[White "Kemeny, Csaba"]
[Black "Havasi, Gergely Bulcsu"]
[Result "1-0"]
[WhiteElo "2059"]
[BlackElo "1920"]
[PlyCount "65"]
[EventDate "2023.10.08"]
[EventType "team-tourn"]
[EventRounds "9"]
[EventCountry "HUN"]
[Source "chess.hu"]
[WhiteTeam "Felegyhaza-Csongrad"]
[BlackTeam "Meritum Egyesulet"]
[WhiteTeamCountry "HUN"]
[BlackTeamCountry "HUN"]

1. d4 e6 2. f4 d5 3. Nf3 Nf6 4. e3 c5 5. c3 Nc6 6. Bd3 Bd7 7. Nbd2 Be7 8. Ne5
Qc7 9. O-O Rf8 10. Qe2 O-O-O 11. a3 a6 12. b4 c4 13. Bc2 g6 14. a4 b5 15. e4
Ne8 16. axb5 axb5 17. Ndf3 f5 18. exd5 exd5 19. Re1 Bf6 20. Nxd7 Qxd7 21. Ne5
Qb7 22. Qf3 Nc7 23. Bd2 Rde8 24. g4 Bxe5 25. fxe5 fxg4 26. Qxg4+ Kb8 27. Bh6
Rf7 28. Rf1 Rxf1+ 29. Rxf1 Qc8 30. Bd1 Qxg4+ 31. Bxg4 Ne6 32. Rf7 Re7 33. Rxe7
1-0

[Event "NB II. Toth Laszlo csoport"]
[Site "Kiskunfelegyhaza"]
[Date "2024.04.21"]
[Round "8.5"]
[White "Vadkerti, Vince"]
[Black "Nagy, Jozsef"]
[Result "1/2-1/2"]
[WhiteElo "1890"]
[BlackElo "1902"]
[PlyCount "114"]
[EventDate "2023.10.08"]
[EventType "team-tourn"]
[EventRounds "9"]
[EventCountry "HUN"]
[Source "chess.hu"]
[WhiteTeam "Meritum Egyesulet"]
[BlackTeam "Felegyhaza-Csongrad"]
[WhiteTeamCountry "HUN"]
[BlackTeamCountry "HUN"]

1. e4 c6 2. Nc3 d5 3. Nf3 dxe4 4. Nxe4 Nd7 5. Qe2 e6 6. d4 Ngf6 7. Bd2 Nxe4 8.
Qxe4 Nf6 9. Qd3 Qd5 10. a3 Qe4+ 11. Qxe4 Nxe4 12. Be3 Be7 13. Bd3 Nf6 14. c4
O-O 15. O-O Rd8 16. Bc2 b6 17. Ne5 Bb7 18. Bd1 Rac8 19. Bf3 Nd7 20. Rfd1 Bf6
21. Nxd7 Rxd7 22. Rd2 Kf8 23. Rad1 Rcd8 24. b3 e5 25. dxe5 Rxd2 26. Bxd2 Bxe5
27. Bb4+ Ke8 28. Re1 f6 29. Bc3 Kf7 30. Bxe5 fxe5 31. Rxe5 Rd3 32. Re3 Rd6 33.
Kf1 Bc8 34. Ke2 Bb7 35. Rd3 Ke7 36. h4 Re6+ 37. Re3 Kd6 38. Rxe6+ Kxe6 39. Ke3
Kd6 40. Kf4 Bc8 41. Be4 h6 42. g4 Be6 43. g5 c5 44. Bf5 Bf7 45. gxh6 gxh6 46.
Be4 Be6 47. f3 Bd7 48. Bg6 Bc6 49. Bf5 a6 50. Bc8 a5 51. Bg4 a4 52. bxa4 Bxa4
53. Bf5 b5 54. cxb5 Bxb5 55. Ke4 Bc6+ 56. Kf4 Bb5 57. Ke4 Bc6+ 1/2-1/2

[Event "NB II. Toth Laszlo csoport"]
[Site "Kiskunfelegyhaza"]
[Date "2024.04.21"]
[Round "8.6"]
[White "Kelemen, Sandor"]
[Black "Farkas, Sandor"]
[Result "1-0"]
[WhiteElo "1922"]
[BlackElo "1944"]
[PlyCount "28"]
[EventDate "2023.10.08"]
[EventType "team-tourn"]
[EventRounds "9"]
[EventCountry "HUN"]
[Source "chess.hu"]
[WhiteTeam "Felegyhaza-Csongrad"]
[BlackTeam "Meritum Egyesulet"]
[WhiteTeamCountry "HUN"]
[BlackTeamCountry "HUN"]

1. e4 e6 2. d3 Nc6 3. Nf3 b6 4. g3 e5 5. Bg2 d6 6. h3 Bb7 7. O-O g6 8. Nc3 Nce7
9. d4 Bg7 10. dxe5 dxe5 11. Qe2 Nc8 12. Nxe5 Nd6 13. Nc4 Qe7 14. Nxd6+ Qxd6 1-0

[Event "NB II. Toth Laszlo csoport"]
[Site "Kiskunfelegyhaza"]
[Date "2024.04.21"]
[Round "8.7"]
[White "Havasi, Mate Pal"]
[Black "Hideg, Ferenc Bendeguz"]
[Result "1/2-1/2"]
[WhiteElo "1825"]
[BlackElo "1870"]
[PlyCount "57"]
[EventDate "2023.10.08"]
[EventType "team-tourn"]
[EventRounds "9"]
[EventCountry "HUN"]
[Source "chess.hu"]
[WhiteTeam "Meritum Egyesulet"]
[BlackTeam "Felegyhaza-Csongrad"]
[WhiteTeamCountry "HUN"]
[BlackTeamCountry "HUN"]

1. Nf3 d5 2. c4 c6 3. g3 Nf6 4. Bg2 e6 5. O-O Be7 6. d3 O-O 7. Nc3 c5 8. Rb1
Nc6 9. Bd2 Rb8 10. a3 d4 11. Na2 e5 12. b4 Qc7 13. b5 Nd8 14. Nxe5 Bd6 15. Nf3
Ne6 16. Ng5 b6 17. Ne4 Nxe4 18. Bxe4 Bb7 19. Bg2 Bxg2 20. Kxg2 Qb7+ 21. Kg1 Qc7
22. Nc1 f5 23. Kg2 f4 24. g4 Qb7+ 25. f3 g5 26. Be1 Kg7 27. Nb3 Nd8 28. Nd2 Nf7
29. Ne4 1/2-1/2

[Event "NB II. Toth Laszlo csoport"]
[Site "Kiskunfelegyhaza"]
[Date "2024.04.21"]
[Round "8.8"]
[White "Hideg, Istvan Benjamin"]
[Black "Havasi, Huba Laszlo"]
[Result "1-0"]
[WhiteElo "1860"]
[BlackElo "1754"]
[PlyCount "53"]
[EventDate "2023.10.08"]
[EventType "team-tourn"]
[EventRounds "9"]
[EventCountry "HUN"]
[Source "chess.hu"]
[WhiteTeam "Felegyhaza-Csongrad"]
[BlackTeam "Meritum Egyesulet"]
[WhiteTeamCountry "HUN"]
[BlackTeamCountry "HUN"]

1. e4 e6 2. d4 d5 3. Nc3 dxe4 4. Nxe4 Bd7 5. Nf3 Bc6 6. Bd3 Nd7 7. O-O Ngf6 8.
Re1 Bxe4 9. Bxe4 Nxe4 10. Rxe4 Nf6 11. Bg5 Qd7 12. Ne5 Qd5 13. Re2 Be7 14. c4
Qd8 15. Qa4+ c6 16. d5 exd5 17. Rae1 Ne4 18. Bxe7 Kxe7 19. Qb4+ Ke6 20. Nd3 Kf6
21. cxd5 cxd5 22. Qd4+ Kg5 23. Qxg7+ Kh5 24. g4+ Kh4 25. Qh6+ Kxg4 26. Rxe4+
dxe4 27. Rxe4+ 1-0

[Event "NB II. Toth Laszlo csoport"]
[Site "Kiskunfelegyhaza"]
[Date "2024.04.21"]
[Round "8.9"]
[White "Fabian, Istvan"]
[Black "Tanacs, Istvan"]
[Result "1/2-1/2"]
[WhiteElo "1800"]
[BlackElo "1716"]
[PlyCount "110"]
[EventDate "2023.10.08"]
[EventType "team-tourn"]
[EventRounds "9"]
[EventCountry "HUN"]
[Source "chess.hu"]
[WhiteTeam "Meritum Egyesulet"]
[BlackTeam "Felegyhaza-Csongrad"]
[WhiteTeamCountry "HUN"]
[BlackTeamCountry "HUN"]

1. Nf3 b5 2. b3 Bb7 3. Bb2 e6 4. d3 Nf6 5. e4 d6 6. g3 g6 7. e5 dxe5 8. Bxe5
Nbd7 9. Bb2 Bg7 10. Bg2 c5 11. O-O O-O 12. Qe2 b4 13. Nbd2 a5 14. a4 Rc8 15.
Nc4 Bd5 16. Nfd2 Nb8 17. Ne3 Nc6 18. Ndc4 Nd4 19. Qd1 Nh5 20. f4 f5 21. Rb1 Re8
22. Rf2 Bf6 23. Kh1 Ng7 24. h3 h6 25. Kh2 g5 26. Qh1 Ba8 27. Rbf1 Kh7 28. Bxa8
Rxa8 29. Bc1 gxf4 30. Rxf4 Bg5 31. R4f2 Qc7 32. Ng2 Nh5 33. Nf4 Bxf4 34. Bxf4
Nxf4 35. gxf4 Rg8 36. Ne5 Rac8 37. Rg1 Rxg1 38. Qxg1 Rg8 39. Rg2 Rxg2+ 40. Qxg2
Qg7 41. Qxg7+ Kxg7 42. Nd7 Nxc2 43. Nxc5 Nd4 44. Kg2 Kf6 45. Kf2 e5 46. Ke3
Nc2+ 47. Kd2 Nd4 48. Nd7+ Ke6 49. Nxe5 Nxb3+ 50. Kc2 Nc5 51. Nc4 Nxa4 52. Nxa5
Nb6 53. Nc6 Nd5 54. Nd4+ Kf6 55. Ne2 Ke6 1/2-1/2

[Event "NB II. Toth Laszlo csoport"]
[Site "Kiskunfelegyhaza"]
[Date "2024.04.21"]
[Round "8.12"]
[White "Huszar, Adam Janos"]
[Black "Miksi, Benjamin"]
[Result "1-0"]
[WhiteElo "1682"]
[BlackElo "1647"]
[PlyCount "107"]
[EventDate "2023.10.08"]
[EventType "team-tourn"]
[EventRounds "9"]
[EventCountry "HUN"]
[Source "chess.hu"]
[WhiteTeam "Felegyhaza-Csongrad"]
[BlackTeam "Meritum Egyesulet"]
[WhiteTeamCountry "HUN"]
[BlackTeamCountry "HUN"]

1. e4 e6 2. d4 d5 3. e5 c5 4. c3 Nc6 5. Nf3 Bd7 6. Be2 f6 7. Bf4 Qb6 8. Qd2 Be7
9. O-O Rc8 10. Bd3 cxd4 11. cxd4 Nb4 12. Ne1 Nxd3 13. Nxd3 Qxd4 14. Be3 Qa4 15.
Nc3 Qa6 16. Rfe1 fxe5 17. Nxe5 Nf6 18. Bd4 Bc5 19. Nxd7 Kxd7 20. Qe3 Bxd4 21.
Qxd4 Qc4 22. Qxa7 Qc6 23. Qe3 Rhe8 24. h3 Qc5 25. Qg3 Re7 26. Re2 Qc7 27. Qh4
h6 28. Rae1 Qb6 29. Qa4+ Qc6 30. Qd1 Ke8 31. Qc2 Kf7 32. Qd3 Rcc7 33. Nb5 Qa6
34. Qb3 Rc5 35. Nd4 Rc4 36. Nxe6 Re4 37. Rxe4 Nxe4 38. Rxe4 Rxe6 39. Rxe6 Kxe6
40. Qe3+ Kf7 41. Qf4+ Qf6 42. Qc7+ Qe7 43. Qxe7+ Kxe7 44. Kf1 Ke6 45. Ke2 Ke5
46. Ke3 Ke6 47. Kd4 Kd6 48. f3 b6 49. a3 Ke6 50. g3 Kd6 51. b4 Ke6 52. a4 Kd6
53. a5 bxa5 54. bxa5 1-0

[Event "NB II. Toth Laszlo csoport"]
[Site "Szeged"]
[Date "2024.05.12"]
[Round "9.1"]
[White "Kunos, Zoltan"]
[Black "Retkes, Peter"]
[Result "0-1"]
[WhiteElo "2057"]
[BlackElo "2095"]
[PlyCount "92"]
[EventDate "2023.10.08"]
[EventType "team-tourn"]
[EventRounds "9"]
[EventCountry "HUN"]
[Source "chess.hu"]
[WhiteTeam "Oroshazi SE"]
[BlackTeam "Meritum Egyesulet"]
[WhiteTeamCountry "HUN"]
[BlackTeamCountry "HUN"]

1. b4 b6 2. Bb2 Bb7 3. Nf3 e6 4. a3 Nf6 5. e3 Be7 6. Be2 d6 7. d3 Nbd7 8. Nbd2
c5 9. b5 Qc7 10. c4 d5 11. d4 Rc8 12. Rc1 Qb8 13. O-O O-O 14. Bd3 Qa8 15. Re1
Rfd8 16. Qe2 dxc4 17. Bxc4 cxd4 18. exd4 Nd5 19. g3 h6 20. Bd3 N5f6 21. Ne4
Nxe4 22. Bxe4 Bxe4 23. Qxe4 Qxe4 24. Rxe4 Rxc1+ 25. Bxc1 Rc8 26. Re1 Rc3 27.
Kg2 Bxa3 28. Bd2 Rd3 29. Be3 Kf8 30. Ra1 Ke7 31. Ne1 Rb3 32. Nc2 Bd6 33. Rxa7
Rxb5 34. Ne1 Ra5 35. Rxa5 bxa5 36. Kf1 Nb6 37. Ke2 Kd7 38. Kd3 Kc6 39. Nc2 a4
40. Bc1 Kb5 41. Bb2 g6 42. h4 h5 43. Ba1 Nd5 44. Bc3 a3 45. Ba1 Nb4+ 46. Nxb4
Kxb4 0-1